000 00624nam a22002297a 4500
003 OSt
005 20260406110004.0
008 260406b |||||||| |||| 00| 0 eng d
020 _a9780716638049
040 _cHS LRC
050 _aDS 918
_b.F524ko 2018
100 _aFirme, Tom
_9131530
245 _aKorean war /
_cTom Firme
260 _aChicago, Illinois :
_bWorld Book,
_cc2018.
265 _aPES
300 _a124 pages :
_bcolor illustrations ;
_c24 cm.
365 _b2,250.00
440 _aHistory Summarized
_9131531
504 _aIncludes index.
650 _aKorean war, 1950-1953
_915613
942 _2lcc
_cBK
999 _c94045
_d94045